[Event "ICS rated standard match"]
[Site "204.178.125.65"]
[Date "2000.07.16"]
[Round "?"]
[White "Hossa"]
[Black "B-Amin"]
[Result "1-0"]
[WhiteElo "2380"]
[BlackElo "2238"]
[PlyCount "97"]
[EventDate "2000.??.??"]

1. e4 e5 2. Bc4 Bc5 3. Nf3 Nc6 4. c3 Bb6 5. d4 Qe7 6. O-O d6 7. dxe5 dxe5 8.
Ng5 Nh6 9. Na3 O-O 10. Bd5 Ng4 11. Qe2 h6 12. Nf3 Nf6 13. Nc4 Bg4 14. Rd1 Rad8
15. b3 Nb8 16. Ba3 c5 17. Nxb6 axb6 18. Bc4 Nh5 19. Qe3 Nf4 20. Bb5 Qf6 21.
Rxd8 Rxd8 22. Ne1 Nc6 23. b4 Ra8 24. Bc1 Ne6 25. f3 Bh5 26. bxc5 Nxc5 27. Nc2
Qe6 28. Ba3 Qd6 29. Rb1 f6 30. Bc4+ Bf7 31. Bxf7+ Kxf7 32. Qe2 Nd8 33. Rd1 Qe6
34. Rd5 Na4 35. Qd2 Nc6 36. Bd6 Nb2 37. Na3 Na4 38. Nb5 Rc8 39. Qd1 Nc5 40.
Bxc5 bxc5 41. Nd6+ Kg6 42. Nxc8 Qxc8 43. Rxc5 Qa8 44. Qb3 Qa7 45. Qd5 Ne7 46.
Qc4 Nc8 47. Qb4 Nd6 48. Qa5 Qb8 49. Qb6 {B-Amin resigns} 1-0

[Event "ICS rated blitz match"]
[Site "204.178.125.65"]
[Date "2000.07.16"]
[Round "?"]
[White "Hossa"]
[Black "gitar"]
[Result "1-0"]
[WhiteElo "2443"]
[BlackElo "1888"]
[PlyCount "53"]
[EventDate "2000.??.??"]

1. e4 e5 2. Bc4 Nc6 3. d3 Nf6 4. Nc3 Bc5 5. Nf3 d6 6. Na4 Bb6 7. c3 O-O 8. O-O
Bg4 9. Nxb6 axb6 10. Bb3 Qd7 11. Bg5 Ne8 12. a3 Kh8 13. Bd5 f6 14. Bc1 f5 15.
exf5 Bxf5 16. Bg5 h6 17. Nh4 Nf6 18. Bxf6 Rxf6 19. f4 Qe8 20. fxe5 Qxe5 21.
Rxf5 Rxf5 22. Ng6+ Kh7 23. Nxe5 Rxe5 24. Qf3 Rae8 25. Be4+ Kh8 26. Qf7 R5e6 27.
Rf1 {gitar resigns} 1-0

[Event "ICS rated blitz match"]
[Site "204.178.125.65"]
[Date "2000.07.17"]
[Round "?"]
[White "Nicelydunn"]
[Black "Hossa"]
[Result "0-1"]
[WhiteElo "2105"]
[BlackElo "2444"]
[PlyCount "74"]
[EventDate "2000.??.??"]

1. Nf3 Nf6 2. d4 g6 3. c3 Bg7 4. Bg5 d5 5. Bxf6 Bxf6 6. Nbd2 Nd7 7. h4 e5 8. h5
e4 9. Ng1 e3 10. Ndf3 g5 11. Qd3 exf2+ 12. Kxf2 g4 13. Qe3+ Be7 14. Ne5 Bg5 15.
Qd3 Qf6+ 16. Ke1 Nxe5 17. dxe5 Qxe5 18. e4 dxe4 19. Qb5+ Qxb5 20. Bxb5+ c6 21.
Bc4 Ke7 22. Ne2 Rd8 23. Rd1 Rxd1+ 24. Kxd1 b5 25. Bb3 Bd7 26. Rf1 f5 27. Nd4
Rd8 28. Ke2 f4 29. a3 c5 30. Nc2 f3+ 31. Kf2 Be6 32. Bxe6 Rd2+ 33. Kg1 Rxg2+
34. Kh1 Kxe6 35. Ne1 Rxb2 36. c4 g3 37. Nxf3 g2+ {Nicelydunn resigns} 0-1

[Event "ICS Rated standard match"]
[Site "204.178.125.65"]
[Date "2000.07.17"]
[Round "?"]
[White "Hossa"]
[Black "Akarpov"]
[Result "1-0"]
[WhiteElo "2389"]
[BlackElo "2068"]
[PlyCount "62"]
[EventDate "2000.??.??"]

1. d4 c6 2. e3 d5 3. Bd3 Nf6 4. Nf3 g6 5. O-O Bg7 6. c4 dxc4 7. Bxc4 b5 8. Bd3
O-O 9. a4 Ba6 10. Bd2 Nbd7 11. Qe2 Qb6 12. Rc1 Rfc8 13. Nc3 Rab8 14. e4 e6 15.
Bf4 Ra8 16. axb5 Bxb5 17. Nxb5 cxb5 18. Bxb5 Rxc1+ 19. Rxc1 a6 20. Ba4 Qa5 21.
Bc6 Rc8 22. Qf1 Nf8 23. Rc3 Qb6 24. Qc1 Nh5 25. Be3 Qd8 26. e5 f5 27. d5 Rxc6
28. dxc6 Qc7 29. Bb6 Qc8 30. c7 Nd7 31. Rd3 Nxb6 {Akarpov resigns} 1-0

[Event "ICS rated standard match"]
[Site "204.178.125.65"]
[Date "2000.07.17"]
[Round "?"]
[White "VW"]
[Black "Hossa"]
[Result "1-0"]
[WhiteElo "2529"]
[BlackElo "2391"]
[PlyCount "117"]
[EventDate "2000.??.??"]

1. d4 f5 2. Nc3 Nf6 3. Bg5 d5 4. Bxf6 exf6 5. e3 c6 6. Bd3 Bd6 7. Qf3 g6 8. h4
Kd7 9. Nge2 Kc7 10. Nf4 Bb4 11. h5 g5 12. Nfe2 f4 13. exf4 g4 14. Qg3 f5 15.
O-O-O Re8 16. a3 Bf8 17. h6 Qf6 18. Qh4 Qxh4 19. Rxh4 Bd6 20. Rh5 Rf8 21. Rg5
Be6 22. Rg7+ Nd7 23. Rxh7 Rf6 24. Rh1 Bf7 25. Kb1 Re8 26. Ng3 Bxf4 27. Bxf5 Nf8
28. Rxf7+ Rxf7 29. h7 Nxh7 30. Bxh7 Ref8 31. Bd3 Bxg3 32. fxg3 a5 33. Nd1 Re7
34. Kc1 Rg7 35. Kd2 b5 36. Rh4 b4 37. Be2 Re8 38. Bxg4 Re4 39. Bf3 bxa3 40.
bxa3 Re6 41. g4 Rge7 42. Rh5 Rd7 43. Kd3 Re8 44. c4 dxc4+ 45. Kc3 Red8 46. Rxa5
Rxd4 47. Nb2 Kb6 48. Rh5 Rd3+ 49. Nxd3 cxd3 50. g5 d2 51. g6 Rf8 52. Kxd2 Rg8
53. Be4 Rd8+ 54. Kc3 Rg8 55. Rh7 Ra8 56. g7 Kc5 57. Rh6 Rxa3+ 58. Kb2 Ra7 59.
g8=Q {Hossa resigns} 1-0

[Event "ICS rated blitz match"]
[Site "204.178.125.65"]
[Date "2000.07.17"]
[Round "?"]
[White "Hossa"]
[Black "QueenMaxima"]
[Result "1-0"]
[WhiteElo "2448"]
[BlackElo "2571"]
[PlyCount "101"]
[EventDate "2000.??.??"]

1. e4 c5 2. d4 cxd4 3. Qxd4 Nc6 4. Qd1 Nf6 5. Nc3 d6 6. Nf3 Qa5 7. Bd2 Qb4 8.
a3 Qb6 9. Be3 Qa5 10. b4 Qc7 11. Nd5 Qd7 12. b5 Ne5 13. Nxe5 dxe5 14. b6 Nxd5
15. exd5 axb6 16. Bxb6 Qd6 17. Bb5+ Bd7 18. Bxd7+ Qxd7 19. O-O Qd6 20. Be3 Rxa3
21. Qg4 Rxa1 22. Rxa1 f6 23. Qe6 Qd8 24. Bb6 Qxb6 25. Qxb6 Kf7 26. Qxb7 Kg6 27.
Kf1 h5 28. Qc8 Kh6 29. Ra7 Kg6 30. Rxe7 Bxe7 31. Qxh8 Bc5 32. Qe8+ Kh6 33. c4
h4 34. Qh8+ Kg6 35. Qxh4 Kf7 36. Qh5+ Kf8 37. Qh8+ Kf7 38. Qb8 Kg6 39. d6 f5
40. Qe8+ Kh7 41. d7 Bb6 42. c5 Bc7 43. d8=Q Bxd8 44. Qxd8 Kh6 45. c6 g6 46.
Qh8+ Kg5 47. c7 e4 48. h4+ Kf4 49. Qc3 Kg4 50. Qg3+ Kh5 51. Qg5# 1-0

[Event "ICS rated blitz match"]
[Site "204.178.125.65"]
[Date "2000.07.17"]
[Round "?"]
[White "QueenMaxima"]
[Black "Hossa"]
[Result "1-0"]
[WhiteElo "2550"]
[BlackElo "2469"]
[PlyCount "71"]
[EventDate "2000.??.??"]

1. d4 f5 2. c4 e6 3. Nc3 Nf6 4. e3 Bb4 5. Bd3 O-O 6. Qc2 Nc6 7. Nf3 Be7 8. a3
b6 9. d5 Nb8 10. O-O Bb7 11. Bd2 Kh8 12. Rfd1 exd5 13. cxd5 Nxd5 14. Bxf5 Nxc3
15. Bxc3 Bd6 16. Bxh7 Bxf3 17. gxf3 Qh4 18. Bf5 Qxh2+ 19. Kf1 Qh5 20. Bg4 Qf7
21. Kg2 Kg8 22. Rh1 Rd8 23. Qh7+ Kf8 24. Rh5 Be7 25. Qh8+ Qg8 26. Bxg7+ Kf7 27.
Rf5+ Bf6 28. Rxf6+ Ke7 29. Qh4 Qxg7 30. Re6+ Kf7 31. Qe7+ Kg8 32. Qxd8+ Qf8 33.
Qg5+ Qg7 34. Re8+ Kf7 35. Re7+ Kg8 36. Qxg7# {Hossa checkmated} 1-0

[Event "ICS rated blitz match"]
[Site "204.178.125.65"]
[Date "2000.07.17"]
[Round "?"]
[White "Hossa"]
[Black "QueenMaxima"]
[Result "0-1"]
[WhiteElo "2457"]
[BlackElo "2562"]
[PlyCount "206"]
[EventDate "2000.??.??"]

1. d4 e6 2. e4 Nc6 3. Nf3 d5 4. e5 Bd7 5. Be2 Nge7 6. O-O Nf5 7. c3 Be7 8. b3
O-O 9. g4 Nh4 10. Nxh4 Bxh4 11. Nd2 Qg5 12. f4 Qg6 13. g5 Ne7 14. Nf3 Nf5 15.
Kh1 h6 16. Bd3 Qh5 17. Qc2 a6 18. a4 Rfd8 19. Qg2 c5 20. Qh3 cxd4 21. cxd4 hxg5
22. fxg5 Qh8 23. Bxf5 exf5 24. Qxh4 Rac8 25. Qxh8+ Kxh8 26. g6 fxg6 27. Ng5 Kg8
28. e6 Be8 29. Bd2 Rc2 30. Rf2 Rdc8 31. Kg2 Rb2 32. b4 Rcc2 33. Nf3 g5 34. Rd1
Bxa4 35. e7 g4 36. Ne5 Ra2 37. Re2 Rc8 38. Rb1 Re8 39. Rf2 Rxe7 40. Rc1 Rc2 41.
Bg5 Rxc1 42. Bxc1 Rc7 43. Bg5 Bc2 44. Kg1 Be4 45. Kf1 Rc3 46. Bd2 Rh3 47. Ke1
Rb3 48. Kd1 g5 49. Be1 f4 50. Ra2 f3 51. Ra1 Bf5 52. Bd2 Rb2 53. Ke1 Kg7 54.
Rd1 b6 55. Rc1 Kf8 56. Rc7 Kg8 57. Rf7 f2+ 58. Kf1 Bd3+ 59. Nxd3 Rxd2 60. Ne5
Rxd4 61. b5 axb5 62. Rd7 b4 63. Kxf2 b3 64. Rb7 Rd2+ 65. Kg3 b2 66. Rxb6 Re2
67. Nxg4 Kf7 68. Kf3 Rc2 69. Ne5+ Kg7 70. Kg3 d4 71. h3 d3 72. Rb7+ Kh6 73.
Ng4+ Kg6 74. Rb6+ Kf7 75. Nh6+ Ke8 76. Nf5 d2 77. Ne3 Rc3 78. Rb8+ Kd7 79. Kf2
Rxe3 80. Kxe3 d1=Q 81. Rb7+ Kd6 82. Rxb2 Qc1+ 83. Rd2+ Ke5 84. Ke2 Qc4+ 85. Ke1
Qh4+ 86. Ke2 Qxh3 87. Rd8 g4 88. Re8+ Kf4 89. Rf8+ Ke4 90. Re8+ Kd4 91. Rd8+
Kc5 92. Rc8+ Kb6 93. Kd2 g3 94. Rb8+ Kc5 95. Rg8 Qh6+ 96. Kd1 Qh1+ 97. Ke2 Qe4+
98. Kd1 Qd5+ 99. Ke2 Qxg8 100. Kf3 g2 101. Ke3 g1=Q+ 102. Kf4 Kd4 103. Kf5 Qf7#
{Hossa checkmated} 0-1

[Event "ICS rated blitz match"]
[Site "204.178.125.65"]
[Date "2000.07.17"]
[Round "?"]
[White "Hossa"]
[Black "HerrVonHinten"]
[Result "1-0"]
[WhiteElo "2436"]
[BlackElo "2000"]
[PlyCount "67"]
[EventDate "2000.??.??"]

1. d4 Nf6 2. Nf3 e6 3. c3 Be7 4. e3 O-O 5. Be2 d5 6. O-O Nbd7 7. c4 b6 8. cxd5
Nxd5 9. e4 N5f6 10. Qc2 Bb7 11. Bd3 h6 12. Nbd2 c5 13. e5 Nd5 14. dxc5 Nxc5 15.
Bh7+ Kh8 16. Ne4 Rc8 17. Nxc5 Bxc5 18. Rd1 Qe7 19. Be4 Nb4 20. Qb1 Bxe4 21.
Qxe4 Rfd8 22. Rd2 Rxd2 23. Bxd2 Nd5 24. h4 a5 25. Rd1 Nb4 26. Bxb4 Bxb4 27. g4
Rd8 28. Rc1 Bc5 29. g5 hxg5 30. Nxg5 g6 31. Qf4 Rd4 32. Ne4 Qb7 33. Qh6+ Kg8
34. Nf6# 1-0

[Event "ICS rated blitz match"]
[Site "204.178.125.65"]
[Date "2000.07.17"]
[Round "?"]
[White "lopezjh"]
[Black "Hossa"]
[Result "0-1"]
[WhiteElo "1936"]
[BlackElo "2436"]
[PlyCount "108"]
[EventDate "2000.??.??"]

1. e4 e6 2. d4 d5 3. Nd2 c5 4. Ngf3 Nc6 5. Bb5 Nf6 6. exd5 Qxd5 7. c4 Qd7 8.
O-O cxd4 9. Nb3 a6 10. Bxc6 bxc6 11. Nbxd4 Bd6 12. Bg5 Ne4 13. Re1 Nxg5 14.
Nxg5 Be7 15. Ngf3 Bc5 16. Qa4 Bxd4 17. Nxd4 c5 18. Qxd7+ Bxd7 19. Nb3 Rc8 20.
Rad1 Ba4 21. Re3 Rb8 22. Rdd3 Bxb3 23. Rxb3 Ke7 24. f3 Rxb3 25. Rxb3 Rd8 26.
Rb7+ Rd7 27. Rxd7+ Kxd7 28. Kf2 Kc6 29. Ke3 Kb6 30. Ke4 f6 31. f4 Kb7 32. g4
Kc6 33. h4 a5 34. g5 fxg5 35. fxg5 Kd6 36. h5 a4 37. b3 axb3 38. axb3 Kc6 39.
Ke5 Kd7 40. h6 gxh6 41. gxh6 Ke7 42. b4 cxb4 43. Kd4 e5+ 44. Kd3 Kd6 45. Ke4
Kc5 46. Kxe5 b3 47. Kf6 b2 48. Kg7 Kxc4 49. Kxh7 b1=Q+ 50. Kg7 Qg1+ 51. Kh8 Kd5
52. h7 Qa7 53. Kg8 Ke6 54. h8=Q Qf7# {lopezjh checkmated} 0-1

[Event "ICS rated blitz match"]
[Site "204.178.125.65"]
[Date "2000.07.17"]
[Round "?"]
[White "Raksu"]
[Black "Hossa"]
[Result "0-1"]
[WhiteElo "2049"]
[BlackElo "2438"]
[PlyCount "58"]
[EventDate "2000.??.??"]

1. d4 Nf6 2. Nf3 e6 3. g3 b6 4. Bg2 Bb7 5. O-O c5 6. e3 Be7 7. b3 O-O 8. Bb2
cxd4 9. exd4 d5 10. Ne5 Nc6 11. Nd3 Qc7 12. a3 Ba6 13. Re1 Rac8 14. h4 Rfe8 15.
Nd2 Bxd3 16. cxd3 b5 17. Rc1 b4 18. a4 Qb7 19. Nc4 dxc4 20. dxc4 Qd7 21. Qd3
Red8 22. Rcd1 Bc5 23. d5 Ng4 24. Re2 exd5 25. cxd5 Ne7 26. Rc2 Bb6 27. Rxc8
Nxf2 28. Rxd8+ Qxd8 29. Qb5 Nxd1+ {Raksu resigns} 0-1

[Event "ICS rated blitz match"]
[Site "204.178.125.65"]
[Date "2000.07.17"]
[Round "?"]
[White "Hossa"]
[Black "Tinker"]
[Result "1-0"]
[WhiteElo "2441"]
[BlackElo "2638"]
[PlyCount "97"]
[EventDate "2000.??.??"]

1. d4 d5 2. c4 dxc4 3. Nf3 b5 4. a4 c5 5. e4 cxd4 6. Qxd4 Qa5+ 7. Bd2 Qa6 8.
Na3 Nc6 9. Qd5 Nf6 10. axb5 Nxd5 11. bxa6 Nf6 12. Bxc4 Bd7 13. Nb5 Rc8 14. O-O
Nxe4 15. Rfe1 f5 16. Bd3 Nxd2 17. Nd6+ Kd8 18. Nf7+ Ke8 19. Nd6+ Kd8 20. Nb7+
Kc7 21. Nxd2 Nb4 22. Rec1+ Kb8 23. Nc5 Rxc5 24. Rxc5 e5 25. Rc3 Nxd3 26. Rxd3
Bc8 27. Rb3+ Ka8 28. g3 e4 29. g4 g6 30. Rb5 Bg7 31. gxf5 gxf5 32. Kf1 Be6 33.
Rb7 Be5 34. Re7 Bxb2 35. Rb1 Bc3 36. Rxe6 Bxd2 37. Rb7 Bf4 38. Ree7 Bb8 39.
Rxh7 Rxh7 40. Rxh7 Be5 41. h4 Bd4 42. Rd7 Bf6 43. Rf7 Bd8 44. Rf8 Kb8 45. Rxd8+
Kc7 46. Rg8 e3 47. h5 f4 48. fxe3 Kb6 49. Rb8+ {Tinker resigns} 1-0

[Event "ICS rated blitz match"]
[Site "204.178.125.65"]
[Date "2000.07.17"]
[Round "?"]
[White "Hossa"]
[Black "Amateur"]
[Result "1-0"]
[WhiteElo "2465"]
[BlackElo "2627"]
[PlyCount "169"]
[EventDate "2000.??.??"]

1. d4 d5 2. c4 c6 3. Nf3 Nf6 4. Qb3 dxc4 5. Qxc4 Be6 6. Qc2 Na6 7. Bd2 Nc7 8.
e4 Bg4 9. Ba5 Bxf3 10. gxf3 e6 11. Nd2 Nd7 12. O-O-O Nb6 13. Nc4 Be7 14. Rg1
O-O 15. Bd2 Kh8 16. Bf4 Rc8 17. Kb1 Nb5 18. a4 Nxc4 19. Qxc4 Nd6 20. Qc2 Qa5
21. Rc1 b5 22. Qc5 Nf5 23. Qc3 Qxc3 24. bxc3 Nh4 25. axb5 Ba3 26. Rc2 Nxf3 27.
Rg3 Nxh2 28. Be2 f5 29. Ka2 Be7 30. Rg2 Ng4 31. exf5 exf5 32. f3 Nf6 33. bxc6
Rxc6 34. Kb2 a5 35. Bb5 Rb6 36. c4 a4 37. Rce2 a3+ 38. Kb3 Rb7 39. Kc2 Rc8 40.
Kd3 Nd5 41. cxd5 Rxb5 42. Rxe7 Rb3+ 43. Ke2 a2 44. Ra7 Rb2+ 45. Bd2 Rcb8 46.
Ke3 R8b7 47. Ra8+ Rb8 48. Ra5 R8b5 49. Ra4 Rb7 50. Kf4 g6 51. d6 Kg7 52. Kg3
Kf6 53. d5 Kf7 54. Bc3 R2b3 55. Be5 R7b5 56. Raxa2 Rxd5 57. Ra7+ Kg8 58. Re2
Rdd3 59. Rf2 Rd5 60. Rc2 f4+ 61. Kxf4 Rb4+ 62. Kg3 Rb8 63. Rg7+ Kf8 64. Rxh7
Rxe5 65. Rh8+ Kf7 66. Rxb8 Rd5 67. Rb7+ Ke6 68. d7 Rg5+ 69. Kf2 Rd5 70. Re2+
Kf6 71. Re8 Kf5 72. d8=Q Rxd8 73. Rb5+ Rd5 74. Rxd5+ Kf6 75. Rd6+ Kf7 76. Rxg6
Kxg6 77. f4 Kf7 78. Re5 Kg6 79. Kg3 Kf7 80. Kg4 Kf6 81. Kh5 Kg7 82. Rf5 Kh8 83.
Kh6 Kg8 84. Kg6 Kh8 85. Rf8# {Amateur checkmated} 1-0

[Event "ICS rated blitz match"]
[Site "204.178.125.65"]
[Date "2000.07.17"]
[Round "?"]
[White "Amateur"]
[Black "Hossa"]
[Result "1-0"]
[WhiteElo "2604"]
[BlackElo "2488"]
[PlyCount "117"]
[EventDate "2000.??.??"]

1. e4 e6 2. d4 d5 3. Nd2 c5 4. Ngf3 Nc6 5. dxc5 Nf6 6. Bb5 dxe4 7. Ne5 Qc7 8.
Bxc6+ bxc6 9. Ng4 Nxg4 10. Qxg4 f5 11. Qh5+ g6 12. Qh3 Qe5 13. Nc4 Qxc5 14. b3
Bg7 15. Ba3 Qd4 16. Bb2 Qd7 17. Rd1 Qc7 18. Nd6+ Kf8 19. Bxg7+ Qxg7 20. Qe3 Kg8
21. Qc5 Qc7 22. Ne8 Qf7 23. Rd8 Bb7 24. Nf6+ Kg7 25. Rd7 Rhd8 26. Rxf7+ Kxf7
27. Qe5 Ba6 28. Nxh7 Kg8 29. Ng5 Bc8 30. Qf6 Rd7 31. Nxe6 Ba6 32. Qxg6+ Kh8 33.
Nc5 Rd5 34. Nxa6 Rad8 35. Qh5+ Kg7 36. Nc7 Rd1+ 37. Qxd1 Rxd1+ 38. Kxd1 Kf6 39.
Na6 Ke6 40. Kd2 Ke7 41. Ke3 Ke6 42. Kf4 Kf6 43. Rd1 e3 44. fxe3 Ke6 45. Nc5+
Kf6 46. Rd6+ Ke7 47. Rxc6 Ke8 48. Ra6 Ke7 49. Kxf5 Kd8 50. Rxa7 Ke8 51. Kf6 Kd8
52. h4 Kc8 53. h5 Kb8 54. Rb7+ Ka8 55. Rc7 Kb8 56. Ne6 Ka8 57. h6 Kb8 58. h7
Ka8 59. h8=Q# {Hossa checkmated} 1-0

[Event "ICS rated blitz match"]
[Site "204.178.125.65"]
[Date "2000.07.17"]
[Round "?"]
[White "RudiLenz"]
[Black "Hossa"]
[Result "0-1"]
[WhiteElo "2014"]
[BlackElo "2477"]
[PlyCount "64"]
[EventDate "2000.??.??"]

1. e4 e6 2. d4 d5 3. Nd2 c5 4. exd5 exd5 5. c3 cxd4 6. cxd4 Nf6 7. Ndf3 Bb4+ 8.
Bd2 Qe7+ 9. Be2 Bxd2+ 10. Qxd2 O-O 11. O-O-O Bf5 12. Bd3 Rc8+ 13. Kb1 Bxd3+ 14.
Qxd3 Nc6 15. a3 Rab8 16. Nh3 b5 17. Rhe1 Qb7 18. Ne5 b4 19. Nxc6 Rxc6 20. a4 b3
21. Nf4 Qb4 22. Rc1 Rxc1+ 23. Rxc1 Qxa4 24. Rc7 Re8 25. Qc3 Qa2+ 26. Kc1 Qa1+
27. Kd2 Qe1+ 28. Kd3 Qf1+ 29. Kd2 Qxf2+ 30. Kd1 Qf1+ 31. Kd2 Qe1+ 32. Kd3 Re3#
{RudiLenz checkmated} 0-1

[Event "ICS rated blitz match"]
[Site "204.178.125.65"]
[Date "2000.07.17"]
[Round "?"]
[White "Hossa"]
[Black "Amateur"]
[Result "1/2-1/2"]
[WhiteElo "2479"]
[BlackElo "2615"]
[PlyCount "113"]
[EventDate "2000.??.??"]

1. d4 Nf6 2. Nf3 e6 3. c3 Be7 4. e3 b6 5. Bd3 O-O 6. e4 Ba6 7. e5 Nd5 8. c4 Nb4
9. Be4 Bxc4 10. Bxa8 Nd3+ 11. Kd2 Nxf2 12. Qg1 Nxh1 13. Qxh1 Nc6 14. Bxc6 dxc6
15. Kc2 c5 16. Nbd2 Bd5 17. dxc5 Bxc5 18. Qe1 Qa8 19. b3 Bb4 20. Kb2 Qc6 21.
Qe3 Rd8 22. a3 Bc5 23. Qd3 Be7 24. h4 a5 25. h5 Qb7 26. h6 gxh6 27. Qe3 Bf8 28.
Qf4 Bg7 29. Qh2 Qa6 30. Qh4 Rd7 31. Nc4 Bxf3 32. gxf3 a4 33. Qg4 h5 34. Qe4 b5
35. Nd2 Qd6 36. f4 f5 37. Qe3 Qd5 38. bxa4 bxa4 39. Rb1 h4 40. Ka1 h3 41. Rb8+
Rd8 42. Rxd8+ Qxd8 43. Kb1 Qh4 44. Nf3 Qg3 45. Qe2 c5 46. Qa6 Qxf3 47. Qxe6+
Kf8 48. Qd6+ Kf7 49. Qd7+ Kg8 50. Qe6+ Kf8 51. Qd6+ Kf7 52. Qd7+ Kg8 53. Qe6+
Kf8 54. Qd6+ Kf7 55. Qd7+ Kg8 56. Qe6+ Kf8 57. Qd6+ 1/2-1/2

[Event "ICS rated blitz match"]
[Site "204.178.125.65"]
[Date "2000.07.17"]
[Round "?"]
[White "SeeBach"]
[Black "Hossa"]
[Result "0-1"]
[WhiteElo "1913"]
[BlackElo "2485"]
[PlyCount "26"]
[EventDate "2000.??.??"]

1. e4 e6 2. d4 d5 3. e5 c5 4. c3 Qb6 5. Nf3 Bd7 6. Be2 cxd4 7. cxd4 Nc6 8. Nc3
Nge7 9. O-O Rc8 10. a3 Nf5 11. Na4 Qd8 12. g4 Nh4 13. Bg5 Nxf3+ {
SeeBach resigns} 0-1

[Event "ICS rated blitz match"]
[Site "204.178.125.65"]
[Date "2000.07.17"]
[Round "?"]
[White "Hossa"]
[Black "mailyn"]
[Result "1-0"]
[WhiteElo "2486"]
[BlackElo "2249"]
[PlyCount "73"]
[EventDate "2000.??.??"]

1. e4 c5 2. d4 cxd4 3. Qxd4 Nc6 4. Qd1 Nf6 5. Nc3 e5 6. a3 Bc5 7. Bc4 O-O 8.
Nf3 h6 9. O-O d6 10. b4 Bb6 11. Re1 Bg4 12. h3 Bh5 13. Nd5 Nxd5 14. Bxd5 Nd4
15. g4 Bg6 16. Bxb7 Rb8 17. Bd5 Qc7 18. Nxd4 Bxd4 19. Ra2 a5 20. Bb2 Ba7 21.
Qd2 axb4 22. axb4 Rfc8 23. c3 Bb6 24. Qd3 Qe7 25. Bc1 Rc7 26. Ra6 Ra7 27. Rxb6
Rxb6 28. Be3 Rb8 29. Bxa7 Qxa7 30. Qe3 Qa3 31. Qc1 Qa7 32. g5 hxg5 33. Qxg5 Kf8
34. h4 Qc7 35. h5 Qxc3 36. Rc1 Qxb4 37. hxg6 {mailyn resigns} 1-0

[Event "ICS rated standard match"]
[Site "204.178.125.65"]
[Date "2000.07.17"]
[Round "?"]
[White "Hossa"]
[Black "QueenMaxima"]
[Result "1-0"]
[WhiteElo "2393"]
[BlackElo "2345"]
[PlyCount "113"]
[EventDate "2000.??.??"]

1. e4 c5 2. d4 cxd4 3. Qxd4 Nc6 4. Qd1 Nf6 5. Nc3 e5 6. a3 Bc5 7. Bc4 Qb6 8.
Nh3 d6 9. Na4 Qc7 10. Ng5 O-O 11. Qd3 Qa5+ 12. Nc3 h6 13. Nxf7 Rxf7 14. O-O Bg4
15. Bxf7+ Kxf7 16. h3 Be6 17. Nd5 Qa4 18. Nxf6 Kxf6 19. b4 Bb6 20. Be3 Bxe3 21.
fxe3+ Ke7 22. Rad1 Rd8 23. Ra1 a5 24. c3 Qb3 25. Qd2 Qc4 26. Rac1 Qxe4 27. Rf2
Bc4 28. a4 Bb3 29. b5 Nb8 30. c4 Rc8 31. Rcf1 Rxc4 32. Rf7+ Ke6 33. Rxg7 Rc2
34. Qe1 Nd7 35. Qg3 Bc4 36. Rg6+ Ke7 37. Rg4 Qd3 38. Rg7+ Kd8 39. Rxd7+ Kxd7
40. Qg7+ Bf7 41. Rxf7+ Ke6 42. Qg8 Qxe3+ 43. Kh2 Kd5 44. Rf3+ Kd4 45. Rxe3 Kxe3
46. Qh7 Rd2 47. Qxb7 Rd4 48. b6 Rxa4 49. Qc6 Rb4 50. Qxd6 e4 51. Qxh6+ Kd4 52.
Qd6+ Kc3 53. b7 e3 54. Qe5+ Kd3 55. Qxa5 Rxb7 56. Qd5+ Kc3 57. Qxb7 {
QueenMaxima resigns} 1-0

[Event "ICS rated standard match"]
[Site "204.178.125.65"]
[Date "2000.07.17"]
[Round "?"]
[White "Interceptor"]
[Black "Hossa"]
[Result "1-0"]
[WhiteElo "1957"]
[BlackElo "2407"]
[PlyCount "124"]
[EventDate "2000.??.??"]

1. d4 Nf6 2. c4 d6 3. Nf3 Nbd7 4. Nc3 e5 5. e3 exd4 6. exd4 d5 7. cxd5 Be7 8.
Bd3 O-O 9. O-O Nb6 10. Qc2 Re8 11. Bg5 g6 12. Bxf6 Bxf6 13. Rae1 Rxe1 14. Rxe1
a6 15. a4 Bg7 16. a5 Nd7 17. Ne4 Nf6 18. Nxf6+ Bxf6 19. Qb3 Be7 20. h3 Bd6 21.
Ne5 Ra7 22. Bc2 Qf8 23. Re2 Ra8 24. Nc4 Bb4 25. Qa4 Be7 26. Bd3 Qd8 27. d6 cxd6
28. Nb6 Rb8 29. Bc4 Qf8 30. f4 h6 31. Bd5 Bf5 32. Re3 h5 33. Bf3 Qd8 34. Qc4
Bf6 35. Bd5 Qf8 36. Re1 Bh4 37. Re2 Bd8 38. Kh2 h4 39. Qb3 Bf6 40. Qb4 Bg7 41.
Qc4 Bf6 42. Qc7 Rd8 43. Bxb7 Bxd4 44. Bxa6 Re8 45. Nd5 Rxe2 46. Bxe2 Bxb2 47.
Ne7+ Kg7 48. Nxf5+ gxf5 49. Qd7 Bd4 50. a6 Bf2 51. Bc4 d5 52. Bxd5 Kh6 53. Qxf5
Qg7 54. Be4 Bg3+ 55. Kh1 Qa1+ 56. Bb1 Kg7 57. Qg5+ Kf8 58. Qh6+ Kg8 59. Qb6 Bf2
60. Qxf2 Qxb1+ 61. Kh2 Qb5 62. a7 Qa5 {Hossa resigns} 1-0

[Event "ICS rated blitz match"]
[Site "204.178.125.65"]
[Date "2000.07.17"]
[Round "?"]
[White "PostModernist"]
[Black "Hossa"]
[Result "1-0"]
[WhiteElo "2648"]
[BlackElo "2493"]
[PlyCount "131"]
[EventDate "2000.??.??"]

1. e4 e6 2. d4 d5 3. Nd2 c5 4. exd5 exd5 5. Ngf3 a6 6. Be2 Nf6 7. O-O cxd4 8.
Re1 Be7 9. Nxd4 Nc6 10. N2b3 O-O 11. Bf4 Re8 12. Bf3 Bf8 13. c3 Rxe1+ 14. Qxe1
Nxd4 15. Nxd4 Bd6 16. Bg5 Bd7 17. Qb1 h6 18. Bh4 Qe7 19. Bxd5 Qe5 20. Bxf6 Qxd5
21. Bh4 Re8 22. Bg3 Bxg3 23. hxg3 b6 24. Qd3 Bb5 25. Qf3 Qxf3 26. gxf3 Bd7 27.
Kg2 g6 28. b3 Kg7 29. a4 a5 30. Rd1 f5 31. Nc2 Be6 32. c4 Bf7 33. Rd6 Re6 34.
Rd7 f4 35. gxf4 Rf6 36. Ne3 Rxf4 37. Nd5 Rf5 38. Nxb6 Rg5+ 39. Kh2 Rh5+ 40. Kg3
Kf6 41. f4 Be6 42. Nd5+ Bxd5 43. Rxd5 Rxd5 44. cxd5 h5 45. Kh4 Kf5 46. d6 Ke6
47. f5+ gxf5 48. f4 Kxd6 49. Kxh5 Ke6 50. Kg5 Kd6 51. Kxf5 Kd5 52. Kg6 Kc5 53.
f5 Kd5 54. f6 Ke6 55. f7 Ke5 56. f8=Q Kd5 57. b4 Ke5 58. bxa5 Kd4 59. Qb4+ Kd3
60. Qb2 Kc4 61. a6 Kc5 62. a7 Kd6 63. a8=Q Kd7 64. Qd2+ Ke7 65. Qad8+ Ke6 66.
Qf6# {Hossa checkmated} 1-0

[Event "ICS rated blitz match"]
[Site "204.178.125.65"]
[Date "2000.07.17"]
[Round "?"]
[White "Hossa"]
[Black "PostModernist"]
[Result "1-0"]
[WhiteElo "2484"]
[BlackElo "2657"]
[PlyCount "123"]
[EventDate "2000.??.??"]

1. d4 Nf6 2. c4 g6 3. Nc3 d5 4. cxd5 Nxd5 5. Bd2 Nb6 6. Nf3 Bg7 7. Bf4 O-O 8.
e4 Bg4 9. Be3 c6 10. h3 Be6 11. Bf4 a5 12. Be2 f5 13. Ng5 Qd7 14. Bc7 Nc8 15.
Nxe6 Qxe6 16. e5 Nd7 17. Qb3 Qxb3 18. axb3 Ncb6 19. Bc4+ Nxc4 20. bxc4 c5 21.
e6 cxd4 22. exd7 dxc3 23. Rxa5 cxb2 24. Ke2 Rad8 25. Rd5 Kf7 26. Rb1 b5 27.
Bxd8 e6 28. Rd2 Rxd8 29. c5 Bc3 30. c6 Bxd2 31. c7 Ke7 32. c8=Q Bc1 33. Qc5+
Kxd7 34. Qxb5+ Ke7 35. Rxb2 Bxb2 36. Qxb2 Rd7 37. Qe5 Kd8 38. Qf6+ Re7 39. h4
Ke8 40. Qh8+ Kd7 41. Qd4+ Ke8 42. Qb2 e5 43. Qb8+ Kf7 44. Qd8 Re8 45. Qd5+ Re6
46. h5 Kf6 47. h6 Re7 48. Qd6+ Kf7 49. Kd2 Re6 50. Qd5 Kf6 51. Kc3 g5 52. Qd8+
Re7 53. Qd6+ Kf7 54. g3 g4 55. Kc2 e4 56. Kd2 e3+ 57. fxe3 Ke8 58. Qf6 f4 59.
gxf4 Rf7 60. Qe6+ Kf8 61. Qxg4 Ke7 62. Qg5+ 1-0

[Event "ICS rated blitz match"]
[Site "204.178.125.65"]
[Date "2000.07.17"]
[Round "?"]
[White "Hossa"]
[Black "Amateur"]
[Result "0-1"]
[WhiteElo "2507"]
[BlackElo "2607"]
[PlyCount "75"]
[EventDate "2000.??.??"]

1. d4 Nf6 2. c4 e6 3. Nf3 d5 4. Nc3 Be7 5. Bg5 O-O 6. e3 h6 7. Bxf6 Bxf6 8.
cxd5 exd5 9. Bd3 c6 10. O-O Re8 11. Qc2 Bg4 12. Nd2 Na6 13. Bxa6 bxa6 14. Na4
Qa5 15. Nc5 Rab8 16. h3 Be6 17. Ndb3 Qb5 18. Nxe6 fxe6 19. Qg6 e5 20. Rfe1 exd4
21. exd4 Re2 22. Qh5 Rxb2 23. Qg4 Qa4 24. Qd7 Bxd4 25. Qe6+ Kh8 26. Nxd4 Qxd4
27. Qf7 Rd2 28. Rac1 c5 29. a3 c4 30. a4 a5 31. g3 c3 32. h4 c2 33. Rf1 Qxa4
34. Qc7 Re8 35. h5 d4 36. Kg2 d3 37. Qf7 Rde2 38. Qc7 {Hossa resigns} 0-1